Miera finančnej gramotnosti študentov v oblasti poisťovníctva

Prieskum medzi študentmi piateho ročníka EU v Bratislave, ktorý bol zameraný na zisťovanie znalostí o poisťovníctve. Zámerom bolo identifikovať vnímanie rozdielov medzi bankou a poisťovňou, overiť si pochopenie základných princípov poisťovníctve a konfrontovať predstavu študentov ako čoskoro čerstvý...

Descrizione completa

Salvato in:
Dettagli Bibliografici
Autore principale: Škriniar, Pavel, 1979-
Natura: Capitolo di libro
Lingua:slovacco
Soggetti:
Tags: Aggiungi Tag
Nessun Tag, puoi essere il primo ad aggiungerne!!

MARC

LEADER 00000nla a2200000 4500
001 0226570
005 20240502073729.2
041 0 |a slo 
044 |a SK 
245 1 0 |a Miera finančnej gramotnosti študentov v oblasti poisťovníctva  |c Pavel Škriniar 
520 |a Prieskum medzi študentmi piateho ročníka EU v Bratislave, ktorý bol zameraný na zisťovanie znalostí o poisťovníctve. Zámerom bolo identifikovať vnímanie rozdielov medzi bankou a poisťovňou, overiť si pochopenie základných princípov poisťovníctve a konfrontovať predstavu študentov ako čoskoro čerstvých absolventov o príspevkoch v rámci povinného zmluvného poistenia so zámerom vlády zaviesť špeciálny 8-percentný odvod na neživotné poistenie. Dotazník pozostával z 18 otázok a zúčastnilo sa ho 109 – študentov. Výsledky prieskumu. 
610 2 0 |a poisťovníctvo 
610 2 0 |a študenti 
610 2 0 |a vedomosti 
610 2 0 |a prieskum 
610 2 0 |a dotazníky 
100 1 |a Škriniar, Pavel, 1979-